Southville International School and Colleges
Your cart is empty.
  • Cart
  • Lists
    Public lists Eva Luna New books Lux_list list_1
    Your lists Log in to create your own lists
  • Log in to your account
  • Your cookies
  • Search history
Southville International School and Colleges
  • Advanced search
  • Recent comments
  • Most popular
  • Libraries

Log in to your account

Log in with GOOGLE


If you do not have an external account, but do have a local account, you can still log in:

  1. Home
  2. MARC view: A comparative study of Musa acuminata and Citrus sinensis as natural coagulants for reducing turbid water /
Normal view MARC view ISBD view

A comparative study of Musa acuminata and Citrus sinensis as natural coagulants for reducing turbid water / (Record no. 366655)

[ view plain ]
MARC details
000 -LEADER
fixed length control field 00930nam a22002417a 4500
003 - CONTROL NUMBER IDENTIFIER
control field 0
005 - DATE AND TIME OF LATEST TRANSACTION
control field 20250113154655.0
008 - FIXED-LENGTH DATA ELEMENTS--GENERAL INFORMATION
fixed length control field 241107b xxu||||| |||| 00| 0 eng d
050 ## - LIBRARY OF CONGRESS CALL NUMBER
Classification number PHS TD 367
Item number .D997 2024
100 ## - MAIN ENTRY--PERSONAL NAME
Personal name Dy Po, Cyanara B.,
Relator term author.
245 ## - TITLE STATEMENT
Title A comparative study of Musa acuminata and Citrus sinensis as natural coagulants for reducing turbid water /
Statement of responsibility, etc Cyanara B. Dy Po, Princess Akari G. Maeda, Sofia Yra F. Ojales.
260 ## - PUBLICATION, DISTRIBUTION, ETC. (IMPRINT)
Place of publication, distribution, etc Las Piñas :
Name of publisher, distributor, etc Southville International School and Colleges,
Date of publication, distribution, etc 2024.
300 ## - PHYSICAL DESCRIPTION
Extent vi, 87 p. :
Other physical details col. ill. ;
Dimensions 30cm.
504 ## - BIBLIOGRAPHY, ETC. NOTE
Bibliography, etc Includes bibliographical references.
650 ## - SUBJECT ADDED ENTRY--TOPICAL TERM
Topical term or geographic name as entry element Plant extracts
Form subdivision Water treatment.
650 ## - SUBJECT ADDED ENTRY--TOPICAL TERM
Topical term or geographic name as entry element Coagulation (Water treatment).
650 ## - SUBJECT ADDED ENTRY--TOPICAL TERM
Topical term or geographic name as entry element Water purification.
650 ## - SUBJECT ADDED ENTRY--TOPICAL TERM
Topical term or geographic name as entry element Musa acuminata.
650 ## - SUBJECT ADDED ENTRY--TOPICAL TERM
Topical term or geographic name as entry element Citrus sinensis.
700 ## - ADDED ENTRY--PERSONAL NAME
Personal name Maeda, Princess Akari G.,
Relator term author.
700 ## - ADDED ENTRY--PERSONAL NAME
Personal name Ojales, Sofia Yra F.,
Relator term author.
942 ## - ADDED ENTRY ELEMENTS (KOHA)
Source of classification or shelving scheme Library of Congress Classification
Koha item type PASS
Holdings
Withdrawn status Lost status Source of classification or shelving scheme Damaged status Home library Current library Shelving location Date acquired Source of acquisition Total Checkouts Full call number Barcode Date last seen Price effective from Koha item type
    Library of Congress Classification   Luxembourg Library Luxembourg Library Portfolio Assessment of SISC Students Section 06/07/2024 Donation   PHS TD 367 .D997 2024 P3593 11/07/2024 11/07/2024 PASS

A comparative study of Musa acuminata and Citrus sinensis as natural coagulants for reducing turbid water /

APA

Dy Po C. B., Maeda P. A. G. & Ojales S. Y. F. (2024). A comparative study of Musa acuminata and Citrus sinensis as natural coagulants for reducing turbid water. Las Piñas: Southville International School and Colleges.

Chicago

Dy Po Cyanara B, Maeda Princess Akari G and Ojales Sofia Yra F. 2024. A comparative study of Musa acuminata and Citrus sinensis as natural coagulants for reducing turbid water. Las Piñas: Southville International School and Colleges.

Harvard

Dy Po C. B., Maeda P. A. G. and Ojales S. Y. F. (2024). A comparative study of Musa acuminata and Citrus sinensis as natural coagulants for reducing turbid water. Las Piñas: Southville International School and Colleges.

MLA

Dy Po Cyanara B, Maeda Princess Akari G and Ojales Sofia Yra F. A comparative study of Musa acuminata and Citrus sinensis as natural coagulants for reducing turbid water. Las Piñas: Southville International School and Colleges. 2024.

  • Print
  • Cite
  • Add to your cart (remove)
  • Save record
    BIBTEX Dublin Core MARCXML MARC (non-Unicode/MARC-8) MARC (Unicode/UTF-8) MARC (Unicode/UTF-8, Standard) MODS (XML) RIS
  • More searches
    Search for this title in:
    Other Libraries (WorldCat) Other Databases (Google Scholar) Online Stores (Bookfinder.com) Open Library (openlibrary.org)

Exporting to Dublin Core...

SOUTHVILLE LIBRARY

Southville International School and Colleges Library

1281 Tropical Ave. Cor. Luxembourg St., BF Homes International, Las Pinas City

Tel. No. 8256374 / 252358 Loc. 117/146

Powered by Koha